Loading...
| Literature - British | 0 | 4 | 0 | 0 | 40 | 29 | 76.75 | 1 | 3 | 0.00 | 0.00 |
| History - American | 0 | 5 | 2 | 1 | 40 | 51 | 77.00 | 2 | 4 | 0.00 | 0.00 |
| Religion | 0 | 4 | 1 | 0 | 35 | 63 | 89.75 | 1 | 3 | 0.00 | 0.00 |
| History - European | 0 | 4 | 1 | 1 | 35 | 13 | 78.50 | 2 | 2 | 0.00 | 0.00 |
| Fine Arts - Other | 0 | 3 | 1 | 0 | 25 | 40 | 103.67 | 1 | 1 | 0.00 | 0.00 |
| Pop Culture | 0 | 2 | 0 | 0 | 20 | 67 | 75.00 | 0 | 2 | 0.00 | 0.00 |
| Fine Arts - Visual | 0 | 2 | 0 | 1 | 20 | 59 | 91.00 | 0 | 2 | 0.00 | 0.00 |
| History - Other | 0 | 2 | 0 | 0 | 20 | 53 | 85.00 | 0 | 0 | 0.00 | 0.00 |
| Philosophy | 0 | 2 | 0 | 0 | 20 | 97 | 112.00 | 0 | 1 | 0.00 | 0.00 |
| History - World | 0 | 2 | 1 | 1 | 15 | 81 | 92.50 | 0 | 1 | 0.00 | 0.00 |
| Science - Chemistry | 0 | 2 | 1 | 1 | 15 | 78 | 102.00 | 0 | 1 | 0.00 | 0.00 |
| Literature - American | 0 | 2 | 1 | 1 | 15 | 113 | 120.50 | 0 | 1 | 0.00 | 0.00 |
| Literature - European | 0 | 1 | 0 | 0 | 10 | 109 | 109.00 | 0 | 1 | 0.00 | 0.00 |
| Geography/Current Events | 0 | 1 | 0 | 0 | 10 | 71 | 71.00 | 0 | 1 | 0.00 | 0.00 |
| Science - Biology | 0 | 1 | 0 | 0 | 10 | 95 | 95.00 | 0 | 1 | 0.00 | 0.00 |
| Science - Other | 0 | 1 | 0 | 0 | 10 | 105 | 105.00 | 0 | 0 | 0.00 | 0.00 |
| Social Science | 0 | 0 | 0 | 0 | 0 | 0.00 | 0 | 0 | 0.00 | 0.00 | |
| Science - Physics | 0 | 0 | 1 | 0 | -5 | 0.00 | 0 | 0 | 0.00 | 0.00 | |
| Mythology | 0 | 0 | 1 | 0 | -5 | 0.00 | 0 | 0 | 0.00 | 0.00 |